Schnelle Mathematik - Multiplikation zur Basis 5 Level 03 - Statistiken

Allgemein
  • Dieses Quiz wurde 65 mal gespielt
  • Das Durchschnittsergebnis liegt bei 15 aus 20
Antwortstatistiken
Frage Antwort % Korrekt
10⋅0 0
100%
2⋅1 2
100%
2⋅0 0
96%
4⋅10 40
96%
10⋅3 30
94%
0⋅2 0
92%
1⋅10 10
91%
10⋅1 10
91%
1⋅4 4
91%
3⋅0 0
90%
1⋅2 2
90%
0⋅0 0
88%
0⋅4 0
88%
1⋅1 1
88%
2⋅10 20
88%
3⋅1 3
88%
1⋅3 3
87%
0⋅10 0
86%
10⋅10 100
86%
0⋅1 0
83%
1⋅0 0
83%
10⋅4 40
83%
0⋅3 0
82%
4⋅0 0
82%
2⋅2 4
82%
4⋅1 4
82%
3⋅10 30
80%
10⋅2 20
76%
3⋅2 11
44%
3⋅4 22
39%
2⋅4 13
37%
3⋅3 14
37%
4⋅2 13
36%
4⋅3 22
29%
4⋅4 31
27%
2⋅3 11
24%
Keine übereinstimmenden Quizze gefunden
Verteilung der Resultate
Anzahl Personen mit jedem Resultat
Perzentil nach korrekt beantworteten Fragen
Ihre Resultats-Entwicklung
Sie haben dieses Quiz noch nicht gespielt